Identify the Flags #1 - Statistics

General Stats
  • This quiz has been taken 68 times
    34 since last reset
  • The average score is 6 of 10
Answer Stats
Question Answer % Correct
What is the flag of China?
83%
What is the flag of Germany?
83%
What is the flag of India?
83%
What is the flag of Italy?
83%
What is the flag of the United States?
67%
What is the flag of the United Kingdom?
67%
What is the flag of Russia?
67%
What is the flag of France?
33%
What is the flag of Japan?
17%
What is the Flag of Canada?
17%
No matching quizzes found
Score Distribution
Percent of People with Each Score
Percentile by Number Answered
Your Score History
You have not taken this quiz since the last reset